| 000 | 02067nam0a22003971 4500 | ||
|---|---|---|---|
| 001 | v19\rc\1840509 | ||
| 005 | 20250619143232.0 | ||
| 035 | _a(NLR Aleph) 004934194 | ||
| 090 |
_a5711978 _c5711978 |
||
| 100 | _a20071224d1908 |||y0rusy50 ca | ||
| 101 | 1 |
_arus _cger |
|
| 102 | _aRU | ||
| 105 | _aa z ||||| | ||
| 200 | 1 |
_aСельскохозяйственное птицеводство _e3-е [нем.] изд., перераб. А. Фезенмейером и Г. Доллем _f[Соч.] К. Ремера _gС нем. пер. Арсен Калантар |
|
| 210 |
_aСанкт-Петербург _cтип. Ясногородского _d1908 |
||
| 215 |
_a[4], 125, [6] с. _cил. _d19 |
||
| 225 | 1 |
_aБиблиотека земледельца _v№ 27 |
|
| 300 | _aЗагл. ориг.: Das landwirtschaftliche Geflügelhaltung | ||
| 300 | _aПер. также под загл.: Как разводить и выхаживать птиц для домашнего хозяйства и для рынка | ||
| 311 | _aБеспл. прил. к журн. "Земледелец" | ||
| 316 |
_aЭкз. РНБ (130/3653): деф.: отсутствует обл. _5NLR: 130/3653 |
||
| 422 | 0 |
_12001#$aЗемледелец _tЗемледелец |
|
| 451 | 0 |
_12001#$aКак разводить и выхаживать птиц для домашнего хозяйства и для рынка _tКак разводить и выхаживать птиц для домашнего хозяйства и для рынка |
|
| 454 | 0 |
_12001#$aDas landwirtschaftliche Geflügelhaltung _tDas landwirtschaftliche Geflügelhaltung |
|
| 700 | 1 |
_aРемер _bК. _gКарл |
|
| 702 | 1 |
_aФезенмейер _bА. _gАвгуст _4570 |
|
| 702 | 1 |
_aДолль _bГ. _gГерман _4570 |
|
| 702 | 1 |
_aКалантар _bА. _gАрсан _4730 |
|
| 801 | 0 |
_aRU _bNLR _gpsbo |
|
| 801 | 0 |
_aRU _bRuMoRGB _2psbo |
|
| 801 | 1 |
_aRU _bProSoft-M _2rusmarc |
|
| 852 |
_aNLR _j38.77.5.142(№ 27) |
||
| 852 |
_aNLR _j130/3653 |
||
| 899 |
_aRuMoRGB _jU 201/1897 |
||
| 942 | _cBOOK | ||
| 980 | _aNB | ||